| 000 | 01175nam0a2200313 4500 | ||
|---|---|---|---|
| 001 | RU\NLR\bibl\102102 | ||
| 005 | 20250617084118.0 | ||
| 010 |
_a5-89594-027-7 _9500 |
||
| 021 |
_aRU _b2000-13675 _9665 |
||
| 035 | _a(NLR Aleph) 000099865 | ||
| 090 |
_a563472 _c563472 |
||
| 100 | _a20000807d1999 |||y0rusy50 ca | ||
| 101 | 0 | _arus | |
| 102 | _aRU | ||
| 105 | _aa ||||||||| | ||
| 200 | 1 |
_aМалоуглеродистые стали для металлических конструкций _fП.Д. Одесский, И.И. Ведяков |
|
| 210 |
_aМ. _cИнтермет Инжиниринг _d1999 |
||
| 215 |
_a224 с. _cил. _d20 |
||
| 320 | _aБиблиогр.: с. 215-224 | ||
| 606 | 0 |
_aСталь низкоуглеродистая _xПрименение в строительном деле _91729662 _3RU\NLR\auth\661069353 |
|
| 686 | _aК222.235.062 | ||
| 700 | 1 |
_aОдесский _bП. Д. _gПавел Дмитриевич _4070 |
|
| 701 | 1 |
_aВедяков _bИ. И. _gИван Иванович _4070 |
|
| 801 | 0 |
_aRU _bNLR _c20000807 _gPSBO |
|
| 801 | 1 |
_aRU _bNLR _c20000807 |
|
| 852 |
_aNLR _j2000-3/7270 |
||
| 942 | _cBOOK | ||
| 980 | _aNB | ||